[Event "Rated Blitz tournament h74uhcb6"]
[Site "?"]
[Date "2021.06.10"]
[Round "?"]
[White "Wildindian"]
[Black "Heri72"]
[Result "0-1"]
[WhiteElo "2696"]
[BlackElo "2334"]
[PlyCount "222"]
[EventDate "2021.??.??"]
[EventType "blitz"]

1. e4 e5 2. Nf3 d5 3. exd5 Bd6 4. d4 e4 5. Ne5 f5 6. Qh5+ g6 7. Nxg6 Nf6 8. Qh4
Rg8 9. Ne5 Nbd7 10. Bg5 Rxg5 11. Qxg5 Nxe5 12. dxe5 Bxe5 13. Nc3 Bd7 14. Bc4
Qe7 15. Qe3 Ng4 16. Qe2 Qb4 17. O-O Qxb2 18. Nb5 Bxh2+ 19. Kh1 Qe5 20. f3 Nf6
21. fxe4 Nxe4 22. Qh5+ Kf8 23. Qh6+ Ke7 24. Qxh2 Ng3+ 25. Kg1 Qe3+ 26. Rf2 Bxb5
27. Bxb5 Rf8 28. Qh4+ Rf6 29. d6+ cxd6 30. Rd1 h6 31. Qf4 Qc3 32. Rf3 Qc5+ 33.
Kh2 Ne4 34. Bd3 d5 35. Bxe4 dxe4 36. Rg3 Kf7 37. Rd8 Re6 38. Rdg8 Qe5 39. R3g7+
Kf6 40. Rg6+ Kf7 41. R6g7+ Kf6 42. Rg6+ Ke7 43. R6g7+ Kd6 44. Rd8+ Kc6 45. Qxe5
Rxe5 46. Rh7 Re6 47. Rc8+ Kb6 48. Rb8 Rc6 49. Rbxb7+ Kc5 50. Rxa7 Kd5 51. Ra5+
Ke6 52. Rha7 Rxc2 53. Ra8 Kf6 54. R5a6+ Kg5 55. R8a7 h5 56. Rg7+ Kf4 57. Kh3
Rc3+ 58. g3+ Kf3 59. Rf6 Rc5 60. Rgf7 Ke2 61. Rxf5 Rc1 62. Re5 e3 63. Kg2 Rc2
64. Rfe7 Kd3+ 65. Kh3 e2 66. Re3+ Kd4 67. Rxe2 Rc5 68. R7e4+ Kd3 69. Re5 Rc8
70. R2e3+ Kd4 71. Re2 h4 72. R2e4+ Kd3 73. gxh4 Rc1 74. Re3+ Kd4 75. Re2 Rh1+
76. Kg4 Rg1+ 77. Kh5 Rg3 78. R5e4+ Kd5 79. Re5+ Kd6 80. Re6+ Kd7 81. R2e5 Rg8
82. Re7+ Kd6 83. R5e6+ Kd5 84. Re5+ Kd6 85. Re4 Kd5 86. R7e6 Rh8+ 87. Kg5 Rg8+
88. Kf4 Rf8+ 89. Ke3 Ra8 90. R6e5+ Kd6 91. Re6+ Kd7 92. Re7+ Kc6 93. R7e6+ Kc5
94. R6e5+ Kb6 95. Re6+ Kc7 96. Re7+ Kd6 97. R7e6+ Kd7 98. Re7+ Kd8 99. R7e6
Ra3+ 100. Kf4 Rh3 101. Ke5 Rh1 102. Kd5 Rd1+ 103. Ke5 Ra1 104. Rd6+ Ke7 105.
Rc4 Re1+ 106. Kd5 Rd1+ 107. Rd4 Ra1 108. Re6+ Kf7 109. Rf4+ Kg7 110. Ke5 Rg1
111. Re4 Rg2 {Time forfeit} 0-1

[Event "Rated Blitz game"]
[Site "?"]
[Date "2021.06.10"]
[Round "?"]
[White "nerzo"]
[Black "annaly1979"]
[Result "0-1"]
[WhiteElo "2485"]
[BlackElo "2430"]
[PlyCount "114"]
[EventDate "2021.??.??"]
[EventType "blitz"]

1. e4 e5 2. Nf3 d5 3. exd5 e4 4. Ne5 Bd6 5. d4 Nf6 6. c4 b6 7. Nc3 h6 8. Be2
O-O 9. O-O Bf5 10. Be3 Nbd7 11. Qd2 Nxe5 12. dxe5 Bxe5 13. Bd4 Re8 14. Bxe5
Rxe5 15. Qd4 Qe7 16. Nd1 Re8 17. Ne3 Bg6 18. Rad1 Nd7 19. d6 cxd6 20. Qxd6 Nc5
21. Qxe7 R8xe7 22. Nd5 Re8 23. Nc7 R8e7 24. Rd8+ Kh7 25. Nd5 Re8 26. Rxe8 Rxe8
27. Rd1 Bf5 28. b3 Be6 29. Ne3 f5 30. g3 Re7 31. h4 g5 32. hxg5 hxg5 33. Nd5
Rg7 34. Kf1 Kg6 35. Rd4 Rh7 36. Kg1 Kf7 37. g4 Bxd5 38. Rxd5 f4 39. Rxg5 f3 40.
Bf1 Kf6 41. Rf5+ Ke6 42. Rg5 Rd7 43. Kh2 Rd1 44. Bh3 Rd2 45. Kg3 Nd3 46. Rg7
Nxf2 47. Bf1 a5 48. Kf4 Nd1 49. Rg6+ Kf7 50. Rxb6 Rf2 51. Bh3 Rh2 52. Kg3 Rxh3+
53. Kxh3 e3 54. g5 e2 55. Rf6+ Ke7 56. Rxf3 e1=Q 57. Kg4 Ne3+ {Time forfeit}
0-1

[Event "Rated Blitz tournament eLTGq6dD"]
[Site "?"]
[Date "2021.06.10"]
[Round "?"]
[White "horripile"]
[Black "Lur15"]
[Result "1-0"]
[WhiteElo "2610"]
[BlackElo "2368"]
[PlyCount "87"]
[EventDate "2021.??.??"]
[EventType "blitz"]

1. e4 e5 2. Nf3 d5 3. Nxe5 Bd6 4. d4 dxe4 5. Nc4 Nf6 6. Nxd6+ Qxd6 7. Be2 O-O
8. O-O Nc6 9. c3 Re8 10. Na3 Bf5 11. Nc4 Qd7 12. Ne3 Bg6 13. b3 Nd5 14. Nxd5
Qxd5 15. Be3 Rad8 16. Rc1 Qd7 17. Rc2 f5 18. Qc1 Ne7 19. c4 Nc6 20. Rd1 f4 21.
Bxf4 Nxd4 22. Rxd4 Qxd4 23. Be3 Qd7 24. h3 b6 25. c5 h6 26. cxb6 cxb6 27. Rc7
Qe6 28. Bc4 Rd5 29. Qc3 Bf7 30. Bxd5 Qxd5 31. Rxa7 Qd1+ 32. Kh2 Qd6+ 33. g3 Qd1
34. Bxb6 e3 35. Bxe3 Qf3 36. Qd4 Re4 37. Qd8+ Kh7 38. Qd7 Rxe3 39. Qxf7 Qxf7
40. Rxf7 Re2 41. a4 Rb2 42. Rf3 g5 43. Kg2 h5 44. Re3 {Normal} 1-0

[Event "Rated Blitz game"]
[Site "?"]
[Date "2021.06.10"]
[Round "?"]
[White "lemarzio"]
[Black "annaly1979"]
[Result "0-1"]
[WhiteElo "2482"]
[BlackElo "2437"]
[PlyCount "52"]
[EventDate "2021.??.??"]
[EventType "blitz"]

1. e4 e5 2. Nf3 d5 3. exd5 e4 4. Qe2 f5 5. d3 Nf6 6. Nc3 Bb4 7. Bd2 Bxc3 8.
Bxc3 O-O 9. dxe4 Nxe4 10. O-O-O Nxc3 11. bxc3 Na6 12. Qc4 Kh8 13. h4 b6 14. Nd4
Nc5 15. h5 Ba6 16. Qb4 Bxf1 17. Nc6 Qd6 18. Rhxf1 a5 19. Qd4 Rae8 20. f3 h6 21.
Rde1 Qg3 22. Ne5 Kh7 23. Ng6 Rxe1+ 24. Kd2 Rfe8 25. Nf8+ Kg8 26. Ne6 Rxf1 {
Normal} 0-1

[Event "Rated Blitz game"]
[Site "?"]
[Date "2021.06.10"]
[Round "?"]
[White "Kaan1903"]
[Black "KamranShirazi"]
[Result "0-1"]
[WhiteElo "2429"]
[BlackElo "2495"]
[PlyCount "44"]
[EventDate "2021.??.??"]
[EventType "blitz"]

1. e4 e5 2. Nf3 d5 3. exd5 e4 4. Nd4 Qxd5 5. Nb3 Bd6 6. Nc3 Qe5 7. Be2 Bf5 8.
d3 exd3 9. cxd3 Nc6 10. Be3 O-O-O 11. d4 Qe8 12. d5 Nb4 13. Rc1 Nf6 14. a3
Nbxd5 15. Nxd5 Nxd5 16. Bxa7 Nf4 17. Bd4 Nxg2+ 18. Kf1 Nf4 19. Bf3 Qe6 20. Rc3
Bh3+ 21. Kg1 Qg6+ 22. Bg4+ Bxg4 {Normal} 0-1

[Event "Rated Blitz tournament 7xcOJosE"]
[Site "?"]
[Date "2021.06.10"]
[Round "?"]
[White "hopfrog64"]
[Black "Schachelite"]
[Result "1/2-1/2"]
[WhiteElo "2248"]
[BlackElo "2448"]
[PlyCount "150"]
[EventDate "2021.??.??"]
[EventType "blitz"]

1. e4 e5 2. Nf3 d5 3. Nxe5 dxe4 4. d4 Bd6 5. Nc4 Nf6 6. Bg5 O-O 7. Be2 Nc6 8.
Nxd6 Qxd6 9. c3 Ne7 10. Nd2 h6 11. Bxf6 Qxf6 12. Nxe4 Qe6 13. Ng3 f5 14. Qb3 f4
15. Ne4 Nd5 16. Bd3 c6 17. O-O-O f3 18. g3 a5 19. c4 a4 20. Qa3 Nb6 21. Nc5 Qf7
22. Qc3 a3 23. b3 Bf5 24. Rde1 Rfd8 25. Re3 Bh3 26. Rhe1 Re8 27. Bc2 Rxe3 28.
Rxe3 Bg4 29. Qd3 g6 30. Qe4 Bf5 31. Qe5 Bxc2 32. Kxc2 Rf8 33. Qe6 Qxe6 34. Rxe6
Kg7 35. Re7+ Rf7 36. Rxf7+ Kxf7 37. Nxb7 Nd7 38. b4 Nf6 39. Nc5 Ng4 40. Kd3
Nxf2+ 41. Ke3 Ng4+ 42. Kxf3 Nxh2+ 43. Ke4 h5 44. b5 cxb5 45. cxb5 Ke7 46. b6
Kd6 47. b7 Kc7 48. d5 Ng4 49. d6+ Kb8 50. d7 Nf6+ 51. Ke5 Nxd7+ 52. Nxd7+ Kxb7
53. Kd6 g5 54. Nf6 h4 55. gxh4 gxh4 56. Ng4 Kb6 57. Kd5 Kb5 58. Kd4 Kb4 59. Kd3
h3 60. Nh2 Kc5 61. Kc3 Kd5 62. Kb3 Ke4 63. Kxa3 Kf4 64. Kb3 Kg3 65. Nf1+ Kf2
66. Nh2 Kg3 67. Nf1+ Kf2 68. Nd2 Kg3 69. a4 Kf2 70. Ne4+ Ke3 71. Ng5 Kf4 72.
Nxh3+ Kg3 73. a5 Kf3 74. a6 Kg4 75. Kb4 Kg3 {Time forfeit} 1/2-1/2

[Event "Rated Blitz game"]
[Site "?"]
[Date "2021.06.10"]
[Round "?"]
[White "ReySolis"]
[Black "fuglfonix"]
[Result "1-0"]
[WhiteElo "2246"]
[BlackElo "2420"]
[PlyCount "55"]
[EventDate "2021.??.??"]
[EventType "blitz"]

1. e4 e5 2. Nf3 d5 3. d4 dxe4 4. Nxe5 Bd6 5. Nc4 Ne7 6. Nc3 f5 7. g3 O-O 8. Bg2
Nbc6 9. Be3 a6 10. Nxd6 cxd6 11. Qd2 b5 12. O-O Ng6 13. Ne2 Nce7 14. a4 Bd7 15.
axb5 axb5 16. Rxa8 Qxa8 17. Qb4 Qc6 18. Nc3 d5 19. Ra1 f4 20. Bd2 fxg3 21. hxg3
Qf6 22. Be3 Nf5 23. Nxd5 Qe6 24. Nf4 Qf6 25. Nxg6 Qxg6 26. Bxe4 Qg4 27. Bd5+
Kh8 28. Qxf8# {Normal} 1-0

[Event "Rated Blitz game"]
[Site "?"]
[Date "2021.06.10"]
[Round "?"]
[White "Zeveraar-Glen"]
[Black "ahoramahora"]
[Result "1/2-1/2"]
[WhiteElo "2596"]
[BlackElo "2409"]
[PlyCount "56"]
[EventDate "2021.??.??"]
[EventType "blitz"]

1. e4 e5 2. Nf3 d5 3. exd5 e4 4. Qe2 Nf6 5. d3 Qxd5 6. Bg5 Be7 7. Bxf6 Bxf6 8.
dxe4 Qh5 9. Qb5+ Qxb5 10. Bxb5+ c6 11. e5 Bxe5 12. Nxe5 cxb5 13. Nc3 Nc6 14.
O-O-O Nxe5 15. Rhe1 f6 16. f4 O-O 17. fxe5 fxe5 18. Nxb5 Bg4 19. Rd2 a6 20. Nd6
Rad8 21. b3 Rf6 22. Ne4 Rff8 23. c4 Bf5 24. Ng3 Rxd2 25. Kxd2 Rd8+ 26. Kc1 Bg4
27. Rxe5 Rd1+ 28. Kc2 Rg1 {Normal} 1/2-1/2

[Event "Rated Blitz tournament iP6ClMSv"]
[Site "?"]
[Date "2021.06.10"]
[Round "?"]
[White "PaBr"]
[Black "CarlitosCL"]
[Result "1/2-1/2"]
[WhiteElo "2412"]
[BlackElo "2241"]
[PlyCount "95"]
[EventDate "2021.??.??"]
[EventType "blitz"]

1. e4 e5 2. Nf3 d5 3. Nxe5 Bd6 4. d4 dxe4 5. Bc4 Bxe5 6. Qh5 Qe7 7. Qxe5 Qxe5
8. dxe5 Nc6 9. Nc3 Nxe5 10. Bd5 Nf6 11. Bxe4 Nxe4 12. Nxe4 O-O 13. Bf4 Re8 14.
O-O-O Ng6 15. Bxc7 Bh3 16. Nd6 Re7 17. gxh3 Rxc7 18. c3 Nf4 19. Rhe1 Nxh3 20.
Re3 Nxf2 21. Rde1 h6 22. Rg3 Rd7 23. Nf5 Nd3+ 24. Rxd3 Rxd3 25. Re7 Rh3 26.
Rxb7 Rxh2 27. Nd6 f6 28. Nf5 Re8 29. Rxg7+ Kh8 30. Rg1 Ree2 31. Nd4 Rxb2 32. a4
Ra2 33. Kb1 Rxa4 34. Rf1 Kg7 35. Nf5+ Kg6 36. Nd4 Rd2 37. Rg1+ Kf7 38. Nf5 h5
39. Nh6+ Ke6 40. Re1+ Kd5 41. Nf5 Kc4 42. Re4+ Kxc3 43. Rxa4 Rd1+ 44. Ka2 Rd2+
45. Ka3 Rd1 46. Ka2 Rd2+ 47. Ka3 Rd1 48. Ka2 {Normal} 1/2-1/2

[Event "Rated Blitz game"]
[Site "?"]
[Date "2021.06.10"]
[Round "?"]
[White "Zeveraar-Glen"]
[Black "ahoramahora"]
[Result "1-0"]
[WhiteElo "2590"]
[BlackElo "2415"]
[PlyCount "33"]
[EventDate "2021.??.??"]
[EventType "blitz"]

1. e4 e5 2. Nf3 d5 3. exd5 e4 4. Qe2 Nf6 5. d3 Qxd5 6. Nc3 Bb4 7. Bd2 Bxc3 8.
Bxc3 O-O 9. dxe4 Nxe4 10. Bd4 Bg4 11. O-O-O Nc6 12. Bxg7 Qxa2 13. Qxe4 Qa1+ 14.
Kd2 Rad8+ 15. Bd3 Qa5+ 16. Bc3 Bxf3 17. Qxh7# {Normal} 1-0

[Event "Rated Blitz game"]
[Site "?"]
[Date "2021.06.10"]
[Round "?"]
[White "hima_saber80"]
[Black "KamranShirazi"]
[Result "1-0"]
[WhiteElo "2449"]
[BlackElo "2515"]
[PlyCount "55"]
[EventDate "2021.??.??"]
[EventType "blitz"]

1. e4 e5 2. Nf3 d5 3. exd5 e4 4. Qe2 Nf6 5. Nc3 Be7 6. Nxe4 Nxd5 7. d4 O-O 8.
Bd2 Re8 9. O-O-O f5 10. Ng3 Nc3 11. Qc4+ Nd5 12. Ne5 c6 13. Bd3 Nd7 14. Nxf5
N7b6 15. Qb3 Bf6 16. f4 a5 17. a4 Be6 18. Rhe1 Nxf4 19. Bxf4 Bxb3 20. cxb3 Qd5
21. Nc4 Rxe1 22. Rxe1 Nd7 23. Ncd6 Qxg2 24. Bc4+ Kf8 25. Nxb7 Re8 26. Bd6+ Re7
27. Nxe7 g5 28. Nf5+ {Normal} 1-0

[Event "Rated Blitz game"]
[Site "?"]
[Date "2021.06.10"]
[Round "?"]
[White "lacobra40"]
[Black "sierra92"]
[Result "1-0"]
[WhiteElo "2259"]
[BlackElo "2414"]
[PlyCount "67"]
[EventDate "2021.??.??"]
[EventType "blitz"]

1. e4 e5 2. Nf3 d5 3. exd5 e4 4. Nd4 Qxd5 5. Nb3 Nf6 6. Nc3 Qe5 7. Be2 Bd6 8.
g3 O-O 9. O-O Bh3 10. Re1 Nc6 11. d4 Qe7 12. Be3 Rad8 13. Nb5 h6 14. Nxd6 Qxd6
15. c3 Rfe8 16. Bf4 Qd7 17. Nc5 Qc8 18. Bf1 Bg4 19. Qd2 b6 20. Nb3 Nd5 21. Bg2
f5 22. c4 Nf6 23. d5 Ne5 24. Bxe5 Rxe5 25. h3 Bh5 26. Qc3 Re7 27. Nd4 Bf7 28.
Nc6 Rde8 29. Nxe7+ Rxe7 30. Rad1 Ne8 31. b4 Nd6 32. c5 Nb5 33. Qb2 Qd7 34. a4 {
Normal} 1-0

[Event "Rated Blitz game"]
[Site "?"]
[Date "2021.06.10"]
[Round "?"]
[White "StankovicDragan02"]
[Black "khalid_ontawar"]
[Result "1-0"]
[WhiteElo "2446"]
[BlackElo "2406"]
[PlyCount "61"]
[EventDate "2021.??.??"]
[EventType "blitz"]

1. e4 e5 2. Nf3 d5 3. Nxe5 Qe7 4. d4 f6 5. Nd3 dxe4 6. Nc5 b6 7. Bb5+ c6 8. O-O
cxb5 9. Nxe4 Qf7 10. Re1 Kd8 11. d5 Bf5 12. Bf4 Bxe4 13. Rxe4 Nd7 14. d6 g5 15.
Be3 Nh6 16. Nc3 Nf5 17. Nxb5 Nxe3 18. Rxe3 a6 19. Nc7 Rc8 20. Ne6+ Ke8 21.
Nxg5+ Ne5 22. Nxf7 Kxf7 23. Qd5+ Kg7 24. f4 Ng6 25. f5 Ne5 26. Rg3+ Kh6 27.
Qd2+ Kh5 28. Qe2+ Kh6 29. Qe3+ Kh5 30. Rh3+ Kg4 31. Rf1 {Normal} 1-0

[Event "Rated Blitz game"]
[Site "?"]
[Date "2021.06.10"]
[Round "?"]
[White "WhisperingXylophone"]
[Black "annaly1979"]
[Result "1-0"]
[WhiteElo "2561"]
[BlackElo "2419"]
[PlyCount "65"]
[EventDate "2021.??.??"]
[EventType "blitz"]

1. e4 e5 2. Nf3 d5 3. Nxe5 Qe7 4. d4 f6 5. Nd3 Nc6 6. Be3 dxe4 7. Nf4 f5 8. Bc4
Nf6 9. O-O a6 10. Nc3 Qd8 11. Ncd5 Bd6 12. Nxf6+ Qxf6 13. Qh5+ g6 14. Qh6 Qf8
15. Qh3 Bd7 16. Ne6 Qe7 17. Bg5 Qf7 18. Nxc7+ Bxc7 19. Bxf7+ Kxf7 20. d5 Ne5
21. d6 Bxd6 22. Rad1 Ke6 23. Bf4 Nf3+ 24. gxf3 Bxf4 25. fxe4 Ke7 26. Qa3+ Ke8
27. exf5 Bc6 28. Rfe1+ Kf7 29. Re7+ Kf6 30. Rde1 gxf5 31. Qc3+ Kg6 32. Rg7+ Kh5
33. Qh3# {Normal} 1-0

[Event "Rated Blitz game"]
[Site "?"]
[Date "2021.06.10"]
[Round "?"]
[White "Python45"]
[Black "Justinchess2020"]
[Result "1-0"]
[WhiteElo "2423"]
[BlackElo "2254"]
[PlyCount "41"]
[EventDate "2021.??.??"]
[EventType "blitz"]

1. e4 e5 2. Nf3 d5 3. Nxe5 Bd6 4. d4 dxe4 5. Nd2 Bxe5 6. dxe5 Bf5 7. g4 Bg6 8.
Bg2 Qd4 9. O-O f5 10. gxf5 Bxf5 11. Nxe4 Qxd1 12. Rxd1 Nc6 13. f4 Nge7 14. c3
Rd8 15. Be3 Bg4 16. Rxd8+ Nxd8 17. Bxa7 b6 18. a4 Ndc6 19. a5 Nxa7 20. axb6
cxb6 21. Nd6+ {Normal} 1-0

[Event "Rated Blitz game"]
[Site "?"]
[Date "2021.06.10"]
[Round "?"]
[White "KingsChessAdmin"]
[Black "Justinchess2020"]
[Result "0-1"]
[WhiteElo "2405"]
[BlackElo "2298"]
[PlyCount "68"]
[EventDate "2021.??.??"]
[EventType "blitz"]

1. e4 e5 2. Nf3 d5 3. exd5 Bd6 4. Nc3 Nf6 5. d4 e4 6. Ne5 O-O 7. Be2 Nbd7 8. f4
Nb6 9. O-O Nbxd5 10. Nxd5 Nxd5 11. c4 Ne7 12. c5 Bxe5 13. dxe5 Nf5 14. g4 Nd4
15. Be3 Nxe2+ 16. Qxe2 Qd3 17. Qxd3 exd3 18. h3 b6 19. cxb6 axb6 20. Rfd1 Rd8
21. a3 h5 22. Rac1 hxg4 23. Rxc7 gxh3 24. Bxb6 Ra6 25. Rc6 Bf5 26. Bxd8 Rxc6
27. Rd2 Rc4 28. Ba5 Rxf4 29. Bc3 Re4 30. Kh2 g5 31. b3 g4 32. a4 Re3 33. a5 g3+
34. Kg1 Re1# {Normal} 0-1

[Event "Rated Blitz game"]
[Site "?"]
[Date "2021.06.10"]
[Round "?"]
[White "bjmdc"]
[Black "fuglfonix"]
[Result "0-1"]
[WhiteElo "2489"]
[BlackElo "2400"]
[PlyCount "120"]
[EventDate "2021.??.??"]
[EventType "blitz"]

1. e4 e5 2. Nf3 d5 3. exd5 e4 4. Ne5 Qxd5 5. Nc4 Nc6 6. Nc3 Qe6 7. Be2 Nf6 8.
O-O a6 9. f3 b5 10. Ne3 Bd6 11. Nxe4 Nxe4 12. fxe4 Qxe4 13. Bf3 Qh4 14. Bxc6+
Bd7 15. Bxd7+ Kxd7 16. Qg4+ Qxg4 17. Nxg4 Bc5+ 18. Kh1 f6 19. d3 Rhe8 20. Bf4
Re2 21. Rac1 h5 22. Nxf6+ gxf6 23. Bg3 Bd4 24. Rfe1 Rae8 25. c3 Bb6 26. Rb1 b4
27. d4 bxc3 28. bxc3 Ba5 29. Kg1 Rxa2 30. Rxe8 Kxe8 31. Rb8+ Ke7 32. Rh8 Bxc3
33. Bxc7 Bxd4+ 34. Kf1 Rf2+ 35. Ke1 Rxg2 36. Rxh5 Ke6 37. Bg3 Bc3+ 38. Kf1 Ra2
39. Rc5 Be5 40. Bxe5 fxe5 41. h4 Rh2 42. Rc6+ Kf5 43. Rxa6 Rxh4 44. Ra3 Rb4 45.
Ke2 Kf4 46. Kf2 Rb2+ 47. Ke1 e4 48. Kf1 Rc2 49. Ke1 Ke5 50. Kf1 Kd4 51. Ke1 Rc4
52. Kd1 Ke5 53. Ke1 Kf4 54. Kf1 Rd4 55. Ke1 Rb4 56. Kf1 Rb1+ 57. Ke2 Rb2+ 58.
Ke1 e3 59. Ra8 Ke4 60. Rf8 Rb1+ {Time forfeit} 0-1

[Event "Rated Blitz game"]
[Site "?"]
[Date "2021.06.10"]
[Round "?"]
[White "Ted-Shpati_007"]
[Black "ahoramahora"]
[Result "1-0"]
[WhiteElo "2505"]
[BlackElo "2392"]
[PlyCount "81"]
[EventDate "2021.??.??"]
[EventType "blitz"]

1. e4 e5 2. Nf3 d5 3. exd5 e4 4. Ne5 Qxd5 5. d4 exd3 6. Nxd3 Bf5 7. Nc3 Qd7 8.
Be3 Nc6 9. Qe2 O-O-O 10. O-O-O Nf6 11. h3 a6 12. g4 Be6 13. Bg2 Bd6 14. f4 Rhe8
15. Qf2 Bc4 16. Ne5 Qe6 17. Nxc6 bxc6 18. Rhe1 Nd5 19. Bd4 Qh6 20. g5 Rxe1 21.
Rxe1 Bxf4+ 22. Kb1 Qxg5 23. b3 Nxc3+ 24. Bxc3 Bd5 25. Bf1 Qg3 26. Bxa6+ Kd7 27.
Qc5 Bd6 28. Qd4 Re8 29. Rxe8 Kxe8 30. Bd3 f6 31. Kb2 Be5 32. Qc5 Bxc3+ 33. Kxc3
Qxh3 34. a4 h5 35. a5 Qc8 36. a6 Qa8 37. a7 Qb7 38. Bg6+ Kd7 39. Bxh5 Qa6 40.
Bg4+ Kd8 41. Qf8# {Normal} 1-0

[Event "Rated Blitz game"]
[Site "?"]
[Date "2021.06.10"]
[Round "?"]
[White "anton16072001"]
[Black "KinzyabulatovRenat"]
[Result "0-1"]
[WhiteElo "2460"]
[BlackElo "2428"]
[PlyCount "66"]
[EventDate "2021.??.??"]
[EventType "blitz"]

1. e4 e5 2. Nf3 d5 3. Nxe5 Bd6 4. d4 dxe4 5. Nc4 Nf6 6. Nxd6+ Qxd6 7. c4 O-O 8.
Nc3 Nc6 9. Be3 Rd8 10. d5 Ne5 11. Be2 Neg4 12. g3 Nxe3 13. fxe3 Bh3 14. Qd4 c5
15. Qd2 a6 16. Bf1 Bg4 17. Bg2 Re8 18. O-O h5 19. Rf4 h4 20. Nxe4 Nxe4 21. Bxe4
f5 22. Bf3 g5 23. Rxg4 fxg4 24. Bg2 hxg3 25. hxg3 Qxg3 26. e4 Re5 27. Rf1 Rf8
28. Rxf8+ Kxf8 29. Qa5 Qe3+ 30. Kh1 Re7 31. Bf1 Rh7+ 32. Kg2 Qf3+ 33. Kg1 Rh1#
{Normal} 0-1

[Event "Rated Blitz game"]
[Site "?"]
[Date "2021.06.10"]
[Round "?"]
[White "H-HH"]
[Black "KinzyabulatovRenat"]
[Result "0-1"]
[WhiteElo "2472"]
[BlackElo "2422"]
[PlyCount "36"]
[EventDate "2021.??.??"]
[EventType "blitz"]

1. e4 e5 2. Nf3 d5 3. d4 dxe4 4. Nxe5 Bd6 5. Nc4 Nf6 6. f3 exf3 7. Qxf3 Nc6 8.
c3 O-O 9. Nxd6 cxd6 10. Be2 d5 11. Bg5 Re8 12. O-O Bg4 13. Qxg4 Nxg4 14. Bxd8
Rxe2 15. Bc7 Ne3 16. Rc1 Nc2 17. Rxc2 Rxc2 18. Na3 Rxb2 {Normal} 0-1

[Event "Rated Blitz game"]
[Site "?"]
[Date "2021.06.10"]
[Round "?"]
[White "pusydestoyer"]
[Black "KinzyabulatovRenat"]
[Result "0-1"]
[WhiteElo "2446"]
[BlackElo "2421"]
[PlyCount "98"]
[EventDate "2021.??.??"]
[EventType "blitz"]

1. e4 e5 2. Nf3 d5 3. Nxe5 Bd6 4. d4 dxe4 5. Bc4 Bxe5 6. dxe5 Qxd1+ 7. Kxd1 Nc6
8. Nc3 Bf5 9. Bb5 Nge7 10. Bf4 O-O-O+ 11. Kc1 Nd4 12. Bc4 Ng6 13. Bg5 Rd7 14.
Re1 Nxe5 15. Bf1 Ng4 16. Nxe4 Bxe4 17. Rxe4 Nxf2 18. Re1 Ng4 19. c3 Ne6 20. Bh4
g5 21. Bg3 h5 22. Bc4 h4 23. Be5 Re8 24. h3 Nxe5 25. Rxe5 Rde7 26. Kc2 f6 27.
Rf5 Nf4 28. Rxf6 Nxg2 29. Kb3 Nf4 30. Rh1 c6 31. Rf5 Re5 32. Rf7 R8e7 33. Rf8+
Kc7 34. Rg8 b5 35. Bf1 a5 36. a3 a4+ 37. Kb4 Kb6 38. Rb8+ Rb7 39. Rxb7+ Kxb7
40. Ka5 Nd5 41. Rg1 Nc7 42. Bg2 Ne6 43. Bf3 Nf4 44. Bg4 Kc7 45. Rd1 Rd5 46. Re1
Rd8 47. Re7+ Kd6 48. Rg7 Ra8+ 49. Kb4 Nd5# {Normal} 0-1

[Event "Rated Blitz game"]
[Site "?"]
[Date "2021.06.10"]
[Round "?"]
[White "TheSchout"]
[Black "Razario90"]
[Result "1-0"]
[WhiteElo "2447"]
[BlackElo "2430"]
[PlyCount "45"]
[EventDate "2021.??.??"]
[EventType "blitz"]

1. e4 e5 2. Nf3 d5 3. Nxe5 dxe4 4. Nc3 Qd4 5. Nc4 Bc5 6. Ne3 Nf6 7. Bc4 O-O 8.
O-O Nc6 9. Nb5 Qd8 10. d4 exd3 11. Bxd3 a6 12. Nc3 Be6 13. Nf5 Qd7 14. Ng3 h6
15. Re1 Rad8 16. Qf3 Rfe8 17. Nce4 Bd4 18. c3 Ne5 19. Nxf6+ gxf6 20. Qxf6 Nxd3
21. Qxh6 Bxf2+ 22. Kh1 Bxg3 23. Bg5 {Time forfeit} 1-0

[Event "Rated Blitz game"]
[Site "?"]
[Date "2021.06.10"]
[Round "?"]
[White "Ted-Shpati_007"]
[Black "ahoramahora"]
[Result "1-0"]
[WhiteElo "2498"]
[BlackElo "2400"]
[PlyCount "53"]
[EventDate "2021.??.??"]
[EventType "blitz"]

1. e4 e5 2. Nf3 d5 3. exd5 e4 4. Ne5 Qxd5 5. d4 exd3 6. Nxd3 Bf5 7. Nc3 Qd7 8.
Be3 Nc6 9. Qe2 O-O-O 10. O-O-O Bd6 11. h3 a6 12. g4 Bxd3 13. Rxd3 Nf6 14. Bg2
Rhe8 15. Rhd1 h6 16. Qf1 Ne5 17. Rd4 Qe7 18. g5 hxg5 19. Bxg5 Qe6 20. h4 Bc5
21. Rxd8+ Rxd8 22. Bh3 Neg4 23. f3 Be3+ 24. Kb1 Bxg5 25. hxg5 Rxd1+ 26. Qxd1
Qe3 27. gxf6 {Normal} 1-0

[Event "Rated Blitz game"]
[Site "?"]
[Date "2021.06.10"]
[Round "?"]
[White "Sijavush"]
[Black "ahoramahora"]
[Result "1/2-1/2"]
[WhiteElo "2512"]
[BlackElo "2401"]
[PlyCount "105"]
[EventDate "2021.??.??"]
[EventType "blitz"]

1. e4 e5 2. Nf3 d5 3. d4 dxe4 4. Nxe5 Nd7 5. Nc4 Ngf6 6. Nc3 Bb4 7. Bg5 h6 8.
Bh4 O-O 9. Be2 Nb6 10. Nxb6 axb6 11. O-O Re8 12. a3 Bd6 13. Nb5 Bf5 14. c4 c6
15. Nxd6 Qxd6 16. Qd2 Qe6 17. Bxf6 Qxf6 18. Qe3 Qg5 19. Rfd1 Qxe3 20. fxe3 Be6
21. Kf2 f5 22. g3 g5 23. d5 cxd5 24. cxd5 Bd7 25. Rac1 Rec8 26. h4 Kg7 27. hxg5
hxg5 28. Rc4 Rxc4 29. Bxc4 Rh8 30. Kg2 f4 31. exf4 gxf4 32. gxf4 Kf6 33. Rh1
Rxh1 34. Kxh1 Kf5 35. d6 Kxf4 36. Bd5 Ke5 37. Bxb7 Bf5 38. Kg1 Kxd6 39. Kf2 Ke5
40. Ke3 Bg6 41. b4 Bf5 42. a4 Bd7 43. a5 bxa5 44. bxa5 Bb5 45. Bxe4 Kd6 46. Kd4
Kc7 47. Kc5 Bf1 48. Bc6 Kb8 49. Bb5 Bxb5 50. Kxb5 Ka7 51. a6 Kb8 52. Kb6 Ka8
53. a7 {Normal} 1/2-1/2

[Event "Rated Blitz game"]
[Site "?"]
[Date "2021.06.10"]
[Round "?"]
[White "Samhouri"]
[Black "KinzyabulatovRenat"]
[Result "1/2-1/2"]
[WhiteElo "2452"]
[BlackElo "2428"]
[PlyCount "109"]
[EventDate "2021.??.??"]
[EventType "blitz"]

1. e4 e5 2. Nf3 d5 3. d4 dxe4 4. Nxe5 Bd6 5. Nc3 Bxe5 6. dxe5 Qxd1+ 7. Kxd1 Bf5
8. Nd5 Kd7 9. Bc4 Ne7 10. Nxe7 Kxe7 11. Bg5+ Ke8 12. Ke2 Nd7 13. Bf4 Nb6 14.
Bb3 a5 15. a4 c5 16. Rad1 c4 17. Ba2 Rd8 18. Rxd8+ Kxd8 19. Rd1+ Kc8 20. Rd6
Nxa4 21. Bxc4 Bg6 22. e6 Rf8 23. e7 Re8 24. Bb5 Rxe7 25. Bxa4 f6 26. Ke3 Be8
27. Rd4 b5 28. Bb3 Bc6 29. Bd5 Bxd5 30. Rxd5 Rb7 31. Kxe4 a4 32. Rc5+ Kd7 33.
c4 bxc4 34. Rxc4 Rxb2 35. Rxa4 Rxf2 36. Rd4+ Ke6 37. Rd2 Rf1 38. Re2 g5 39. Bg3
Kf7 40. Rf2 Re1+ 41. Kf3 Re6 42. h3 h5 43. Bh2 Kg6 44. Re2 Ra6 45. g4 Ra3+ 46.
Kg2 h4 47. Rf2 Ra4 48. Bg1 Ra2 49. Bh2 Rxf2+ 50. Kxf2 f5 51. Kf3 f4 52. Bxf4
gxf4 53. Kxf4 Kh6 54. g5+ Kh5 55. Kf5 {Normal} 1/2-1/2

[Event "Rated Blitz game"]
[Site "?"]
[Date "2021.06.10"]
[Round "?"]
[White "luci087"]
[Black "KinzyabulatovRenat"]
[Result "1-0"]
[WhiteElo "2549"]
[BlackElo "2387"]
[PlyCount "99"]
[EventDate "2021.??.??"]
[EventType "blitz"]

1. e4 e5 2. Nf3 d5 3. Nxe5 Bd6 4. d4 dxe4 5. Bc4 Bxe5 6. Qh5 Qe7 7. Qxe5 Qxe5
8. dxe5 Nc6 9. Nc3 Nxe5 10. Bb3 Bd7 11. Bf4 Ng6 12. Bxc7 Bc6 13. O-O-O Nf6 14.
Rhe1 O-O 15. Rd4 Rfe8 16. Ba4 Bxa4 17. Rxa4 Rac8 18. Bg3 h5 19. Rxa7 h4 20. Bd6
Rc6 21. Ba3 Nf4 22. g3 Ng2 23. Re2 h3 24. Rxb7 Ng4 25. Rxe4 Rxe4 26. Nxe4 Nxh2
27. Ng5 g6 28. Nxh3 Ng4 29. b3 Ne1 30. c4 Nd3+ 31. Kd2 Ndxf2 32. Nxf2 Nxf2 33.
Ke3 Ng4+ 34. Kf4 Nf6 35. Bb2 Nh5+ 36. Kg4 Kh7 37. Rxf7+ Kh6 38. Rb7 Re6 39.
Bc1+ g5 40. Bxg5+ Kg6 41. Bf4 Nf6+ 42. Kf3 Ne8 43. a4 Nf6 44. a5 Nh5 45. Rb6
Kf6 46. Rxe6+ Kxe6 47. a6 Nf6 48. a7 Nd7 49. a8=Q Nb6 50. Qc6+ {Normal} 1-0